Trasa Warszawskiej linii autobusowej 516 - Statystyki

Ogólne statystyki
  • Ten quiz został rozwiązany 22 razy
  • Średni wynik to 15 z 20
Statystyki odpowiedzi
Dzielnica Przystanek % Poprawnych
Białołęka Nowodwory
93%
Białołęka / Praga-Północ Żerań FSO
87%
Białołęka / Praga-Północ Żerań FSO
87%
Białołęka Białołęka-Ratusz
80%
Białołęka Grzymalitów
80%
Białołęka Odkryta
80%
Białołęka Tarchomin
80%
Białołęka Barei
73%
Białołęka Ciołkosza
73%
Białołęka Ekspresowa
73%
Białołęka Konwaliowa
73%
Białołęka Nowodworska
73%
Białołęka Płochocińska
73%
Białołęka Ćmielowska
67%
Białołęka Dzierzgońska
67%
Białołęka Kaflowa
67%
Białołęka Kamińskiego
67%
Białołęka Pancera
67%
Białołęka Ceramiczna
60%
Białołęka Hanki Ordonówny
60%
Nie znaleziono quizów pasujących do podanych kryteriów
Rozkład punktacji
Procent ludzi z każdym wynikiem
Percentyl według liczby udzielonych odpowiedzi
Twoja historia wyników
Nie rozwiązałeś tego quizu